The odyssey of salvadoran asylum seekers /

Uloženo v:
Podrobná bibliografie
Hlavní autor: Coutin, Susan
Médium: Text
Témata:
Tagy: Přidat tag
Žádné tagy, Buďte první, kdo vytvoří štítek k tomuto záznamu!

MARC

LEADER 00000 a a2200000 04500
001 10011
003
040
100 |a Coutin, Susan  
245 |a The odyssey of salvadoran asylum seekers /  |c Susan Coutin 
650 |a DESPLAZADOS  
650 |a INMIGRANTES  
650 |a POLITICA MIGRATORIA  
650 |a ASILO  
650 |a REMESAS  
650 |a EL SALVADOR  
773 |g volumen 37, número 6; páginas 38-41  
999 |c 31297  |d 31297